000 01156cam a2200301 a 4500
001 15100517
005 20170105102344.0
008 071203s2008 nyua b 001 0 eng
010 _a 2007049425
020 _a9780393979503 (pbk.)
020 _a0393979504 (pbk.)
035 _a(OCoLC)ocn182779824
035 _a(OCoLC)182779824
_z(OCoLC)149117289
040 _aDLC
_cDLC
_dBAKER
_dBTCTA
_dC#P
_dYDXCP
_dDLC
050 0 0 _aQA76.73.C15
_bK49 2008
082 0 0 _a005.133
_222
100 1 _aKing, K. N.
_q(Kim N.)
245 1 0 _aC programming : a modern approach
_ba modern approach
_cK.N. King.
250 _a2nd ed.
260 _aNew York :
_bW.W. Norton & Company,
_cc2008.
300 _axxviii, 832 p. ;
_bill. ;
_c24 cm.
504 _aIncludes bibliographical references (p. 803-805) and index.
650 0 _aC (Computer program language)
856 4 1 _3Table of contents only
_uhttp://www.loc.gov/catdir/toc/ecip086/2007049425.html
906 _a7
_bcbc
_corignew
_d1
_eecip
_f20
_gy-gencatlg
942 _2ddc
_cBK
999 _c11604
_d11604